Study of maternal mortality in the state of Terengganu 1980-1985 /
محفوظ في:
| المؤلف الرئيسي: | |
|---|---|
| التنسيق: | أطروحة كتاب |
| اللغة: | English |
| منشور في: |
1988.
|
| الموضوعات: | |
| الوسوم: |
إضافة وسم
لا توجد وسوم, كن أول من يضع وسما على هذه التسجيلة!
|
| LEADER | 00892cam a2200253 4500 | ||
|---|---|---|---|
| 001 | u84910 | ||
| 003 | SIRSI | ||
| 008 | 891116s1988 my t 00 eng | ||
| 015 | |a X890082026 | ||
| 035 | |a AAJ-2307 | ||
| 040 | |a UMP | ||
| 043 | |a a-my-tr | ||
| 096 | |a WA900 |b Moho 1988 | ||
| 100 | 0 | 0 | |a Mohammad Omar. |
| 245 | 1 | 0 | |a Study of maternal mortality in the state of Terengganu 1980-1985 / |c by Mohammad Omar. |
| 260 | |c 1988. | ||
| 300 | |a viii, 135 leaves : |b ill. ; |c 29 cm. | ||
| 502 | |a Dissertation (M.P.H.) - Jabatan Kemasyarakatan & Pencegahan, Fakulti Perubatan, Universiti Malaya, 1988 | ||
| 504 | |a Bibliography: leaves 115-122 | ||
| 650 | 2 | |a Maternal Mortality |z Malaysia. | |
| 650 | 2 | |a Maternal-Child Health Centers |z Malaysia. | |
| 948 | |a 17/03/1991 |b 09/10/1995 | ||
| 596 | |a 2 | ||
| 999 | |a WA900 MOHO 1988 |w LC |c 1 |i A502454428 |d 24/8/2020 |e 8/3/2018 |l TESIS |m P02MEDKL |n 1 |r Y |s Y |t TESIS |u 23/9/1995 | ||
